Statistics for Locations by Letter - V

Click here to take the quiz!

General Stats

  • This quiz has been taken 32,818 times
  • The average score is 14 of 18

Answer Stats

DescriptionLocation% Correct
City of canals and gondolasVenice
99%
City where the Pope holds swayVatican City
96%
South American countryVenezuela
94%
Second rock from the SunVenus
94%
Capital of AustriaVienna
94%
U.S. state named for Queen ElizabethVirginia
90%
Volcano that destroyed PompeiiVesuvius
86%
Country in IndochinaVietnam
85%
Louis XIV's palaceVersailles
80%
Biggest city in British ColumbiaVancouver
79%
Australia's second most-populous stateVictoria
76%
Spanish city known for orangesValencia
73%
Italian city where "Romeo and Juliet" is setVerona
71%
Hall of the Norse godsValhalla
63%
"Star Trek" planet populated
with logical beings
Vulcan
59%
Pacific port city of RussiaVladivostok
53%
Grand Theft Auto's version of MiamiVice City
40%
Where George Washington spent
a very cold winter
Valley Forge
27%

Score Distribution

Percentile by Number Answered

Percent of People with Each Score

Your Score History

You have not taken this quiz